00513nam a2200181 a 4500001001300000003000900013005001700022008004100039020001000080082001500090100002400105245006900129260003300198300000900231500003500240505002500275650003100300nice12345678IN_TiNIC20260116011615.0050524s1930 edia grp 000 0 eng  ac10000a227.1bSAN aSanday, William D D aCritical and Exegetical Commentary on the Epistle to the Romans. aEdinburghbT & T Clarkc1930 a450p aincludes index and biblioraphy2 aIndexes to the notes aBible N.T. Epistles Romans